SANKALAKIRI : (Record no. 82741)

MARC details
000 -LEADER
fixed length control field 00835nam a2200265 n 4500
001 - CONTROL NUMBER
control field C2-0275050
003 - CONTROL NUMBER IDENTIFIER
control field PPAK
005 - DATE AND TIME OF LATEST TRANSACTION
control field 20230820102507.0
008 - FIXED-LENGTH DATA ELEMENTS--GENERAL INFORMATION
fixed length control field 061011s2003 maya g a 0 p may d
020 ## - INTERNATIONAL STANDARD BOOK NUMBER
Qualifying information paperback
040 ## - CATALOGING SOURCE
Original cataloging agency PPAK
Language of cataloging eng
Transcribing agency PPAK
Description conventions rda
082 04 - DEWEY DECIMAL CLASSIFICATION NUMBER
Edition number 23
Classification number 899.231
090 00 - LOCALLY ASSIGNED LC-TYPE CALL NUMBER (OCLC); LOCAL CALL NUMBER (RLIN)
Classification number (OCLC) (R) ; Classification number, CALL (RLIN) (NR) 899.231
Feature heading ANU
Feature heading KAF
Classification number (OCLC) (R) ; Classification number, CALL (RLIN) (NR) 899.231
Feature heading ANU
Feature heading KSS
Classification number (OCLC) (R) ; Classification number, CALL (RLIN) (NR) 899.231
Feature heading ANU
Feature heading KWS
245 00 - TITLE STATEMENT
Title SANKALAKIRI :
Remainder of title Antologi Puisi/Cerpen Sempena DIALOG UTARA X /
Statement of responsibility, etc. Diselnggarakan oleh Anuar Asmadi
264 #1 - PRODUCTION, PUBLICATION, DISTRIBUTION, MANUFACTURE, AND COPYRIGHT NOTICE
Place of production, publication, distribution, manufacture [Kuala Lumpur] :
Name of producer, publisher, distributor, manufacturer Gabungan Persatuan Penulis Nasional Malaysia (GAPENA),
Date of production, publication, distribution, manufacture, or copyright notice 2003
300 ## - PHYSICAL DESCRIPTION
Extent vi, 72 pages ;
Dimensions 21 cm
336 ## - CONTENT TYPE
Source rdacontent
Content type term text
337 ## - MEDIA TYPE
Source rdamedia
Media type term unmediated
338 ## - CARRIER TYPE
Source rdacarrier
Carrier type term volume
650 10 - SUBJECT ADDED ENTRY--TOPICAL TERM
Topical term or geographic name entry element Malay Poetry
700 0# - ADDED ENTRY--PERSONAL NAME
Personal name Anuar Asmadi,
Relator term compiler.
942 ## - ADDED ENTRY ELEMENTS (KOHA)
Koha item type Book
Source of classification or shelving scheme Dewey Decimal Classification
Holdings
Withdrawn Not for loan Current library Shelving location Date acquired Full call number Barcode Date last seen Koha item type Total Checkouts
  Not For Loan Perpustakaan Alor Setar Koleksi Affrini Adham 11/10/2006 KAF 899.231 ANU A00506013 09/05/2018 Book  
  Not For Loan Perpustakaan Alor Setar Koleksi Affrini Adham 11/10/2006 KAF 899.231 ANU A00506012 09/05/2018 Book  
  Not For Loan Perpustakaan Alor Setar Koleksi Affrini Adham 11/10/2006 KAF 899.231 ANU A00506010 09/05/2018 Book  
  Not For Loan Perpustakaan Alor Setar Koleksi Affrini Adham 11/10/2006 KAF 899.231 ANU A00506006 09/05/2018 Book  
  Not For Loan Perpustakaan Alor Setar Koleksi Affrini Adham 08/11/2006 KAF 899.231 ANU A00506033 09/05/2018 Book  
  Not For Loan Perpustakaan Alor Setar Koleksi Shaidun Shaari 03/01/2008 KSS 899.231 ANU A00507320 09/05/2018 Book  
  Not For Loan Perpustakaan Alor Setar Koleksi Shaidun Shaari 03/01/2008 KSS 899.231 ANU A00507316 09/05/2018 Book  
  Not For Loan Perpustakaan Alor Setar Koleksi Wan Shamsudin 13/09/2023 KWS 899.231 ANU KWS000638 13/09/2023 Book  
  Not For Loan Perpustakaan Alor Setar Koleksi Wan Shamsudin 13/09/2023 KWS 899.231 ANU KWS000639 13/09/2023 Book  
  Not For Loan Perpustakaan Alor Setar Koleksi Halim R 13/10/2025 KHR 899.231 ANU A00501506 13/10/2025 Book